000 00402nam a22001697a 4500
003 NUST
020 _a8121916666
038 _akhadija
082 _a620.106
_bRAJ
100 _aRAJPUT
_982898
245 _aA Textbook of Fluid Mechanics and Hydraulic Machines
260 _aNew Delhi :
_bS. Chand,
_c2014.
300 _a(i-v) p. ;
_b24 cm.
500 _aPaperback.
563 _aPB
942 _cBK
_2ddc
999 _c33658
_d33658